Valoración de empresas: cómo medir y gestionar la creación de valor

Kaydedildi:
Detaylı Bibliyografya
Yazar: Fernández, Pablo (Yazar)
Materyal Türü: Kitap
Dil:İspanyolca
Baskı/Yayın Bilgisi: Barcelona Ediciones Gestión 2000 S. A 2008
Edisyon:3a. ed
Konular:
Etiketler: Etiketle
Etiket eklenmemiş, İlk siz ekleyin!

MARC

LEADER 00000cam a2200000 a 4500
001 UCC4176
003 CL-VaPUC
005 20240611113207.0
008 180713e20080000sp |||||||||||||||||spa|d
999 |c 371733  |d 371731 
020 |a 9788480889803 
040 |c Pontificia Universidad Católica de Valparaíso 
082 0 4 |a 658.15  |b FER  |2 21 
100 0 |a Fernández, Pablo  |e author  |9 598298 
245 1 0 |a Valoración de empresas: cómo medir y gestionar la creación de valor 
250 |a 3a. ed 
260 |a Barcelona  |b Ediciones Gestión 2000 S. A  |c 2008 
300 |a 934 p 
583 |a last modification  |c 20180713 16:22:00  |k Rodrigo Vera 
650 0 |a Administración de empresas   |9 260833 
650 0 |a Valoración de empresas  |9 889414 
650 0 |a Acciones  |9 334173 
650 0 |a Planificación estratégica   |9 259735 
942 |c BK  |2 ddc 
945 |d 20180713 16:22:00  |a dcastane 
952 |0 0  |1 0  |3 erb  |4 0  |6 658_150000000000000_FER_2008  |7 0  |8 R  |9 488854  |a BIBGIM  |b BIBGIM  |i 5481112  |l 20  |m 1  |o 658.15 FER 2008  |p 5481112  |r 2025-01-15  |s 2024-12-10  |w 2019-11-24  |y BK_R  |z Catalogado en:20180713  |k COM